El licenciado vidriera /

Guardado en:
Autor Principal: Cervantes Saavedra, Miguel de
Formato: Libro
Publicado: Buenos Aires : Atl ntida, 1975
Etiquetas: Agregar Etiqueta
Sin Etiquetas, Sea el primero en etiquetar este registro!
LEADER 00414nam a22001455a 4500
001 CEM.cems001595
005 20060214000000.0
008 130507s1975##################000#0#####d
003 CEMS
082 0 4 |a 863.3 
100 1 |a Cervantes Saavedra, Miguel de 
245 1 0 |a El licenciado vidriera / 
260 |a Buenos Aires :  |b Atl ntida,  |c 1975 
300 |a 88 p.1 
859 |a CEMS  |b BIB. CEMS - 11 de abril  |h 863.3  |i C337-14/1  |p 14285.85  |t Ej.1